American Encounters with Arabs : (Record no. 2771)
[ view plain ]
| 000 -LEADER | |
|---|---|
| fixed length control field | 01812nac a22002651u 4500 |
| 008 - FIXED-LENGTH DATA ELEMENTS--GENERAL INFORMATION | |
| fixed length control field | 101027t xxu||||| |||| 00| 0 eng d |
| 010 ## - LIBRARY OF CONGRESS CONTROL NUMBER | |
| LC control number | 2005022472 |
| 020 ## - INTERNATIONAL STANDARD BOOK NUMBER | |
| International Standard Book Number | 0275988171 (hardcover : alk. paper) |
| 020 ## - INTERNATIONAL STANDARD BOOK NUMBER | |
| International Standard Book Number | 9780275988173hardcover : alk. paper) |
| 082 00 - DEWEY DECIMAL CLASSIFICATION NUMBER | |
| Classification number | 327.73056 |
| Item number | RUG |
| 100 ## - MAIN ENTRY--PERSONAL NAME | |
| Personal name | Rugh, William A. |
| 9 (RLIN) | 20661 |
| 245 10 - TITLE STATEMENT | |
| Title | American Encounters with Arabs : |
| Remainder of title | The "Soft Power" of U.S. Public Diplomacy in the Middle East / |
| Statement of responsibility, etc | William A. Rugh. |
| 260 ## - PUBLICATION, DISTRIBUTION, ETC. (IMPRINT) | |
| Place of publication, distribution, etc | Westport, Conn. : |
| Name of publisher, distributor, etc | Praeger Security International,2006 |
| Date of publication, distribution, etc | 2006. |
| 300 ## - PHYSICAL DESCRIPTION | |
| Extent | xvii, 220 p. ; |
| Dimensions | 25 cm. |
| 504 ## - BIBLIOGRAPHY, ETC. NOTE | |
| Bibliography, etc | Includes bibliographical references (p. [213]-214) and index. |
| 505 0# - FORMATTED CONTENTS NOTE | |
| Formatted contents note | Public diplomacy resources and instruments -- Beginnings in the Arab world 1940s-1953 -- President Eisenhower and USIA 1953-1961 -- The Kennedy and Johnson presidencies 1961-1969 -- The Nixon and Ford presidencies 1969-1977 -- The Carter presidency 1977-1981 -- The Reagan era 1981-1989 -- The presidency of George H.W. Bush 1989-1993 -- The Clinton era 1993-2001 -- President George W. Bush's first two years 2001-2003 -- The Bush presidency and Iraq -- Democratic reform and other issues. |
| 650 #0 - SUBJECT ADDED ENTRY--TOPICAL TERM | |
| Topical term or geographic name as entry element | Arabs |
| General subdivision | Public opinion. |
| 9 (RLIN) | 20662 |
| 650 #0 - SUBJECT ADDED ENTRY--TOPICAL TERM | |
| Topical term or geographic name as entry element | Civilization, Arab |
| General subdivision | Study and teaching |
| Geographic subdivision | United States. |
| 9 (RLIN) | 20663 |
| 651 #0 - SUBJECT ADDED ENTRY--GEOGRAPHIC NAME | |
| Geographic name | Arab countries |
| General subdivision | Foreign relations |
| Geographic subdivision | United States. |
| 9 (RLIN) | 20664 |
| 651 #0 - SUBJECT ADDED ENTRY--GEOGRAPHIC NAME | |
| Geographic name | United States |
| General subdivision | Foreign relations |
| Geographic subdivision | Arab countries. |
| 9 (RLIN) | 20665 |
| 651 #0 - SUBJECT ADDED ENTRY--GEOGRAPHIC NAME | |
| Geographic name | United States |
| General subdivision | Foreign public opinion, Arab. |
| 9 (RLIN) | 20666 |
| 856 41 - ELECTRONIC LOCATION AND ACCESS | |
| Materials specified | Table of contents |
| Uniform Resource Identifier | <a href="http://www.loc.gov/catdir/toc/ecip0517/2005022472.html">http://www.loc.gov/catdir/toc/ecip0517/2005022472.html</a> |
| 942 ## - ADDED ENTRY ELEMENTS (KOHA) | |
| Item type | Book - Borrowing |
| Call number prefix | 327.73056 RUG |
| Source of classification or shelving scheme | Dewey Decimal Classification |
| Withdrawn status | Item status | Source of classification or shelving scheme | Damaged status | Not for loan | Vendor | Home library | Current library | Shelving location | Date acquired | Source of acquisition | Total Checkouts | Total Renewals | Full call number | Barcode | Date last seen | Date last borrowed | Koha item type |
|---|---|---|---|---|---|---|---|---|---|---|---|---|---|---|---|---|---|
| Dewey Decimal Classification | Central Library | Central Library | First floor | 05/03/2007 | 17 | 78 | 327.73056 RUG | 000001287 | 15/07/2025 | 12/04/2018 | Book - Borrowing |